01010cam a2200277 a 4500001000400000003000800004005001700012008004100029020003500070020003500105035001800140040003200158041000800190082002700198100003600225245011500261260006300376300002500439500002000464504003000484650003300514650003700547942001200584999001300596952012300609876BD-RjUL20211208233237.0131123s1985 ctu b 001 0 eng  a0208020489 (hard : alk. paper) a0208020497 (pbk. : alk. paper) a(BD-RjUL) 898 aDLCcDLCdDLCdBD-RjULbeng aeng00a027.8223219bANL 19851 aAnderson, Pauline,d1918-9261710aLibrary media leadership in academic secondary schools /cPauline H. Anderson ; foreword by Theodore R. Sizer. aHamden, Conn. :bLibrary Professional Publications,c1985. axv, 260 p. ;c22 cm. aIncludes index. aBibliography: p. 253-255. 0aHigh school libraries.92618 0aMedia programs (Education)92619 2ddccBK c876d876 00102ddc40718NFICaRUCLbRUCLcReadingd1993-08-07l0o027.8223 ANL 1985r2013-11-23 00:00:00tC-1w2021-12-08yBK